MDQL
is popping MORE tags! Check the
thread
!
Quizzes
Events
Quiz Creation
Community
Videos
Private Events
Remove Ads
Sign In
Join for FREE
Feedback
Dark Mode
Quiz Categories
Sports
Geography
Music
Movies
Television
Just For Fun
Miscellaneous
History
Literature
Language
Science
Gaming
Entertainment
Religion
Holiday
For Kids
Quiz Lab
Recent
Popular Today
Quiz Kudos Today
Editor Picks
Curator Picks
Quizzes by...
Day
Popularity
Type
Ratings
Length
Year
Community
Subscriptions
Recent Discussions
Orange Saloon
Badges
Playlists
Quests
Create
Leaderboards
Showdown
Live 5
Trivia Bingo
Activity
Puzzle Library
Sporcle Events
Private Events
Virtual Trivia
Globe League
Become a Host
Pub Owners
SporcleCon
Opinionation
Our Games
Videos
Blog
Mobile Apps
Partnerships
Remove Ads and Go Orange
Feedback
Holiday
Halloween
Christmas
Holiday Songs
April Fools'
Thanksgiving
Valentine's Day
Easter
St Patrick's Day
National Holiday
Religious Holiday
Holiday
Halloween
Christmas
Holiday Songs
April Fools'
Thanksgiving
Valentine's Day
Easter
St Patrick's Day
National Holiday
Religious Holiday
Random Quiz
Search Sporcle
×
Quiz Lab
Quiz Lab
Holiday
Alphabet
Type in answers that appear in a list
Type in answers that appear in a list
Classic
Best Score? Go Orange.
Christmas Alphabetically Stats
Can you name the Christmas-related answers for each letter of the alphabet?
By
sreyno
8m
26 Questions
159 Plays
159 Plays
159 Plays
Comments
Comments
Give Quiz Kudos
Give Quiz Kudos
-
- Ratings
hide this ad
Replay
Link that replays current quiz
Next Quiz
Link to next quiz in quiz playlist
You Got
0%
They Got
Avg Score
81%
Avg Friend Score
Upgrade to see
Score Distribution
Jump to the score distribution portion of the page
Score
0/26
Timer
08:00
0
Plays Today
Clue
Word
% Correct
Word between 'jingle' and 'rock.'
Bell
98.7%
One of the three reindeer with names beginning with 'D.'
Dasher
93.7%
You can deck the halls with this festive plant, but don't eat the berries!
Holly
93.1%
You might use a calendar to mark the days of this season, beginning on the fourth Sunday before Christmas.
Advent
91.2%
You can get this milk-
or cream-
based drink alcoholic or virgin.
Eggnog
89.9%
Besides green, the color typically associated with Christmas.
Red
88.7%
Word before 'Green Giant' or 'Old St. Nicholas'
Jolly
88.1%
His heart was two sizes too small, according to Dr. Seuss
Grinch
87.4%
Decorations, typically glass balls, hung on Christmas trees.
Ornaments
85.5%
You can jingle all the way in this horse-
drawn vehicle.
Sleigh
85.5%
Don't get on the naughty one of these -
you might get coal in your stocking!
List
84.9%
An abbreviated form of the word Christmas.
Xmas
84.3%
Word often put before 'Mary' to describe the mother of Christ.
Virgin
83.6%
Clue
Word
% Correct
Hopefully you're happy tonight, walking in a winter [this].
Wonderland
83%
To carefully remove the paper covering on a present, perhaps in order to reuse it next year.
Unwrap
80.5%
Word commonly found before 'log' around Christmas time.
Yule
79.9%
This jolly happy soul didn't get his black eyes in a fight.
Frosty the Snowman
79.2%
Frozen drops of water often found hanging from porches.
Icicles
78.6%
'Christmas' en Espanol.
Navidad
78%
A sparkly garland-
like decoration meant to imitate the effect of ice crystals.
Tinsel
75.5%
Another name for Santa Claus deriving from the Pennsylvania Dutch.
Kris Kringle
73%
One of the three wise men's gifts.
Myrrh
73%
Mary Chapin Carpenter's 'On a [this] Christmas Morn.'
Quiet
71.7%
You might have a casserole for Christmas dinner made with this vegetable.
Zucchini
69.8%
You can buy sugar ones of these with trees, snowmen, or reindeer on them.
Cookies
67.9%
The colored part of this 'flower' is actually the plant's leaves.
Poinsettia
63.5%
Quiz Playlist
Details
Report
Send in Message
Add To Playlist
Classic:
Type in answers that appear in a list
Last Updated: Mar 2, 2017
Quiz Scoreboard
CHALLENGE
Sign Up to Join the Scoreboard
Show All
Scores
Hide
Comments
May contain spoilers
Recently Published
Image Sorting: Flags VI
by Barbecue
Geography
2m
Find the 'City' Movie
by crazypaving
Movies
60s
Colored Red Africa Blitz
by spor1
Geography
45s
More to Explore
Quiz From the Vault
Featured Blog Post
14 Easter Pick-up Lines to Find Eggs With
hide this ad
You Might Also Like...
Tags
Alphabet Quiz
Christmas Quiz
Letter Quiz
Religious Holiday Quiz
Today's Top Quizzes in Holiday
Browse Holiday
hide this ad
Today's Top Quizzes in Alphabet
Browse Alphabet
Top Contributed Quizzes in Holiday
1
Pick the Easter Eggs hidden in the Garden
2
5-to-1: Holiday Songs
3
Picture Click Blitz: Easter
4
April Fools' Zebra Puzzle
5
5-to-1: Thanksgiving
6
Easter Teddy Bears
7
Draw a Badge: Hey, It's Leap Day
8
Easter - Did You Know?
9
New Year’s Party Puzzle
10
Holidays Spelling Bee
Explore More
Trending Topics
Crossword
Kpop
Harry Potter
Anime
NBA
Disney
Marvel
Song
NFL
Puzzle
The Office
Soccer
Country
WWE
Pokémon
hide this ad
More By:
sreyno
Quiz
Plays
Rating
Category
Featured
Created
Harry Potter Chapter Characters
461
2.14
Literature
Nov 11, 2011
50 Word Chain
362
3.75
Language
Oct 24, 2010
Steps of the Cell Cycle
209
Science
Oct 25, 2010
Christmas Alphabetically
159
4.00
Holiday
Dec 8, 2011
50 Word Chain 2
143
3.75
Language
Oct 25, 2010
Go to Creator's Profile
Score Distribution
Quiz Creator Spotlight
sreyno
Follow
Send a Message
Quizzes Created
-
Created Quiz Play Count
-
More By This Creator
Popular Quizzes Today
1
Colored Red Africa Blitz
2
Find the US States - No Outlines Minefield
3
Find the 'City' Movie
4
5x2 Blitz: Bands
5
The Countries of the World
6
Find the US States
7
Find the Countries of Europe - No Outlines Minefield
8
US States
More Holiday Quizzes
Spring Teddy Bears
Published
Trending Quizzes
Colored Red Europe Blitz I
Colored Red Africa Blitz II
Colored Red Europe Blitz II
Colored Red Africa Blitz III
Colored Red Europe Blitz III
Recently Updated
How Do You Spell That?
pecheneg
Godzilla Movies
pecheneg
Grab Bag: 4-10 Letters
pecheneg
2024 March Madness Bracket
pecheneg
Famous TV Couples
Peacemaker
Champions League XIs: Real Madrid
pecheneg
Largest US Cities 1790-2010
pecheneg
Rides in Walt Disney World
pecheneg
Most Oscar Losses (Acting)
pecheneg
Beyoncé Albums
pecheneg
Trending Topics
Disney
Kpop
Crossword
Marvel
Anime
NBA
Harry Potter
Puzzle
Soccer
Country
Song
Pokémon
WWE
The Office
NFL
Your Account Isn't Verified!
In order to create a playlist on Sporcle, you need to verify the email address you used during registration. Go to your
Sporcle Settings
to finish the process.
Report this User
Report this user for behavior that violates our
Community Guidelines
.
Details:
Send Report
Go to the Sporcle.com Mobile Site →
Comments